Seven language dictionary : French-English/English-French, German-English/English-German, Hebrew-English/English-Hebrew, Italian-English/English-Italian, Portuguese-English/ English-Portuguese, Russian-English/English-Russian, Spanish-English/English-Spanish (Record no. 34689)

MARC details
000 -LEADER
fixed length control field 00666nam a2200169Ia 4500
020 ## - INTERNATIONAL STANDARD BOOK NUMBER
ISBN 0517057956
050 ## - CALL MARK
Classification number P 361 .S55/
245 #0 - TITLE STATEMENT
Title Seven language dictionary : French-English/English-French, German-English/English-German, Hebrew-English/English-Hebrew, Italian-English/English-Italian, Portuguese-English/ English-Portuguese, Russian-English/English-Russian, Spanish-English/English-Spanish
260 ## - PUBLICATION, DISTRIBUTION, ETC. (IMPRINT)
Place of publication New York
260 ## - PUBLICATION, DISTRIBUTION, ETC. (IMPRINT)
Name of publisher Avenel Books
260 ## - PUBLICATION, DISTRIBUTION, ETC. (IMPRINT)
Year of publication 1991
300 ## - PHYSICAL DESCRIPTION
Number of Pages 828 p
650 ## - SUBJECT ADDED ENTRY--TOPICAL TERM
Topical Term Dictionaries, Polyglot. English language--Dictionaries--Polyglot.
942 ## - ADDED ENTRY ELEMENTS (KOHA)
Koha item type Books
Holdings
Withdrawn status Lost status Source of classification or shelving scheme Damaged status Not for loan Permanent Location Current Location Date acquired Accession Number Price effective from Koha item type
    Library of Congress Classification     NILE UNIVERSITY OF NIGERIA - MAIN LIBRARY NILE UNIVERSITY OF NIGERIA - MAIN LIBRARY 04/23/2025 0000745 04/23/2025 Books